LDR 00820naa#a2200169#i#450# 001 RU\\bibl\122512 005 20260603170144.3 011 ## _a2588-0209 100 ## _a20260601b2026####ek#y0rusy0150####ca 102 ## _aRU 200 1# _aОценка корреляционной связи между индексами вегетации NDVI и влажности NDMI по данным спутника Sentinel-2 _eЖурнальная статья 210 1# _aМосква _cЭлектронная наука _d2026 215 ## _a13 с. 608 ## _aЖурнальная статья _2local 675 ## _aСельскохозяйственная мелиорация. 631.6 _aПрименение дистанционного зондирования. 528.88 _z 700 #1 _aЗверьков _gМихаил Сергеевич 856 4# _aqje.su _u